00424nam a22001337a 4500008004100000020001800041050001900059100002600078245005600104260002900160300003200189500005100221600001800272220302b |||||||| |||| 00| 0 eng d a9781308393421 aP 90 .P75 2015 aPrairie State College aPrinciples of communication/cPrairie State College aUS:bMcGraw-Hill,c2015. aviii, 389p. :bill. ;c37cm aincludes bibliographical references and index. 2Communication